La promoción de vivienda asequible con sistemas industrializados : Oportunidad y reto para el mundo local / Oportunidad y reto para el mundo local /

ISBN: 9788410278080
Publicat: Barcelona : Diputación de Barcelona , 2024
Descripció física: 234 pàgines : il·lustracions color ; 24 cm
Descripció: "Este libro recopila una serie de artículos basados en las intervenciones del seminario "la promoción de edificios de viviendas asequibles con sistemas constructivos industrializados: oportunidad y reto para el mundo local", organizado por el Consorcio Universidad Internacional Menénd...
Altres autors: Wadel, Gerardo
Idioma: Català

MARC

LEADER 00000nam a22000007a 4500
001 29273
003 AGDB
005 20260324181545.0
008 260123b spa||||| |||| 00| 0 cat d
017 |a B 14300-2024 
020 |a 9788410278080 
040 |a agdb  |b cat 
130 |a La promoció d'habitatge assequible amb sistemes industrialitzats : oportunitat i repte per al món local  |9 72969 
245 |a La promoción de vivienda asequible con sistemas industrializados :  |b Oportunidad y reto para el mundo local /  |c dirección técnica de Gerardo Wadel y la Oficina de Vivienda de la Diputación de Barcelona 
250 |a 1a edición :   |b Julio de 2024 
260 |a Barcelona :   |b Diputación de Barcelona,  |c 2024 
300 |a 234 pàgines :  |b il·lustracions color ;  |c 24 cm 
490 |a Col·lección Estudios. Serie Urbanismo y Vivienda ;  |v 7 
520 |a "Este libro recopila una serie de artículos basados en las intervenciones del seminario "la promoción de edificios de viviendas asequibles con sistemas constructivos industrializados: oportunidad y reto para el mundo local", organizado por el Consorcio Universidad Internacional Menéndez Pelayo y la Diputación de Barcelona en octubre de 2023. Estructurado en tres bloques, el libro explora los cambios ambientales, económicos y sociales que influyen en la foma de construir, las innovaciones tecnológicas en el sector de la edificación y las experiencias prácticas en la construcción industrializada de viviendas plurifamiliares." -- Contracoberta 
650 0 |a Dret a l'habitatge  |9 10226 
650 0 |a Habitatge públic   |2 Arxiu  |9 43113 
650 0 |a Construcció sostenible   |2 Arxiu  |9 49845 
650 0 |a Construcció industrialitzada  |9 72266 
700 1 |a Wadel, Gerardo  |9 72265  |e direcció tècnica 
710 |a Barcelona (Catalunya : Província).  |b Oficina d'Habitatge  |9 56602 
830 |a La promoció d'habitatge assequible amb sistemes industrialitzats : oportunitat i repte per al món local  |9 72969 
856 |u https://llibreria.diba.cat/cat/llibre/la-promocion-de-vivienda-asequible-con-sistemas-industrializados_71988  |y Accés lliure (Llibreria de la Diputació de Barcelona) 
942 |2 udc  |c ARXIU  |n 1 
952 |0 0  |1 0  |2 udc  |4 0  |6 BIB1412  |7 1  |9 99005  |a Arxiu  |b Arxiu  |d 2026-01-23  |l 0  |o Bib-1412  |p 29273  |r 2026-01-23 12:24:49  |w 2026-01-23  |y ARXIU 
999 |c 130671  |d 130671